| 000 -LEADER |
| fixed length control field |
01041nam a2200217 a 4500 |
| 003 - CONTROL NUMBER IDENTIFIER |
| control field |
AR-BaISA |
| 005 - DATE AND TIME OF LATEST TRANSACTION |
| control field |
20241017151237.0 |
| 006 - FIXED-LENGTH DATA ELEMENTS--ADDITIONAL MATERIAL CHARACTERISTICS |
| fixed length control field |
aad||fr||||f000 0 |
| 007 - PHYSICAL DESCRIPTION FIXED FIELD--GENERAL INFORMATION |
| fixed length control field |
ta |
| 008 - FIXED-LENGTH DATA ELEMENTS--GENERAL INFORMATION |
| fixed length control field |
241017s2023 ag ad||f ||||f000 0 spa d |
| 040 ## - CATALOGING SOURCE |
| Language of cataloging |
spa |
| Transcribing agency |
AR-BaISA |
| 082 04 - DEWEY DECIMAL CLASSIFICATION NUMBER |
| Edition number |
22 |
| Classification number |
362.83 P41 |
| 245 00 - TITLE STATEMENT |
| Title |
Percepción e incidencia de la violencia contra las mujeres: |
| Remainder of title |
Ciudad de Buenos Aires. Año 2023. En el camino de la equidad de género |
| 260 ## - PUBLICATION, DISTRIBUTION, ETC. |
| Place of publication, distribution, etc. |
Buenos Aires: |
| Name of publisher, distributor, etc. |
Ministerio de Hacienda y Finanzas. Dirección Geenral de Estadísitica y Censos, |
| Date of publication, distribution, etc. |
2023 |
| 300 ## - PHYSICAL DESCRIPTION |
| Extent |
91 p.: |
| Other physical details |
il. graf. |
| 500 ## - GENERAL NOTE |
| General note |
El material contiene hojas troqueladas |
| 504 ## - BIBLIOGRAPHY, ETC. NOTE |
| Bibliography, etc. note |
Bibliografía p.: 88 |
| 505 ## - FORMATTED CONTENTS NOTE |
| Title |
Aspectos metodológicos -- |
| -- |
Violencia de género. Principales resultados de la encuesta -- |
| -- |
Las formas de expresión de los tipos de violencia -- |
| -- |
Violencia económica desde un abordaje cuanti-cualitativo -- |
| -- |
Acceso a los dispositivos institucionales disponibles |
| 650 14 - SUBJECT ADDED ENTRY--TOPICAL TERM |
| 9 (RLIN) |
3319 |
| Topical term or geographic name entry element |
Violencia de género |
| Form subdivision |
datos y estadísticas |
| 942 ## - ADDED ENTRY ELEMENTS (KOHA) |
| Source of classification or shelving scheme |
|
| Koha item type |
Libros |
| Edition |
22 |